Hydro politics and water wars / (Record no. 532061)
[ view plain ]
| 000 -LEADER | |
|---|---|
| fixed length control field | 01682nam a2200289 a 4500 |
| 001 - CONTROL NUMBER | |
| control field | ASIN9694025435 |
| 003 - CONTROL NUMBER IDENTIFIER | |
| control field | NUST |
| 005 - DATE AND TIME OF LATEST TRANSACTION | |
| control field | 20191107115229.0 |
| 008 - FIXED-LENGTH DATA ELEMENTS--GENERAL INFORMATION | |
| fixed length control field | 151014s2011 xxu eng d |
| 020 ## - INTERNATIONAL STANDARD BOOK NUMBER | |
| International Standard Book Number | 9694025435 (hardcover) |
| 020 ## - INTERNATIONAL STANDARD BOOK NUMBER | |
| International Standard Book Number | 9789694025438 (hardcover) |
| 038 ## - RECORD CONTENT LICENSOR | |
| Staff Name | MSOHAIL |
| 040 ## - CATALOGING SOURCE | |
| Original cataloging agency | 0 |
| 050 04 - LIBRARY OF CONGRESS CALL NUMBER | |
| Classification number | HD1698.P3 |
| 082 04 - DEWEY DECIMAL CLASSIFICATION NUMBER | |
| Classification number | 333.9100954 |
| Author Mark | SID 2013 |
| 100 1# - MAIN ENTRY--PERSONAL NAME | |
| Personal name | Siqqiqui, Iqtidar. |
| 9 (RLIN) | 25355 |
| 245 10 - TITLE STATEMENT | |
| Title | Hydro politics and water wars / |
| Statement of responsibility, etc. | Iqtidar Siqqiqui. |
| 260 ## - PUBLICATION, DISTRIBUTION, ETC. | |
| Place of publication, distribution, etc. | [S.l.] : |
| Name of publisher, distributor, etc. | Vanguard,Pakistan, |
| Date of publication, distribution, etc. | 2013. |
| 300 ## - PHYSICAL DESCRIPTION | |
| Extent | 280 p. ; |
| Dimensions | 24 cm. |
| 520 ## - SUMMARY, ETC. | |
| Summary, etc. | Water is an important input to irrigated agriculture. In Pakistan unfortunately, it is fast becoming a diminishing resource due to many reasons including global warming. To meet present and future requirements, water should be conserved in the country at as many places as possible. However, politics of water is not allowing it to happen. Hydro-Politics in Indus River Basin by Iqtidar H. Siddiqui is a comprehensive commentary on the management and utilization of Indus River system waters both internationally and domestically and describes the Hydro-Political forces, which do not permit advancement in water sector in the country. The book infect gives a 'wake-up call' to the country in view of diminishing water resources, expected 'water disaster' due to climate change and hydro-political forces in the country. |
| 650 #0 - SUBJECT ADDED ENTRY--TOPICAL TERM | |
| Topical term or geographic name entry element | India |
| 9 (RLIN) | 25356 |
| 650 #0 - SUBJECT ADDED ENTRY--TOPICAL TERM | |
| Topical term or geographic name entry element | Pakistan |
| 9 (RLIN) | 4651 |
| 650 #0 - SUBJECT ADDED ENTRY--TOPICAL TERM | |
| Topical term or geographic name entry element | Water-supply--Management |
| 9 (RLIN) | 25357 |
| 650 #0 - SUBJECT ADDED ENTRY--TOPICAL TERM | |
| Topical term or geographic name entry element | Water-supply--Political aspects |
| 9 (RLIN) | 25358 |
| 856 40 - ELECTRONIC LOCATION AND ACCESS | |
| Materials specified | Amazon.com |
| Uniform Resource Identifier | <a href="http://www.amazon.com/exec/obidos/ASIN/9694025435/chopaconline-20">http://www.amazon.com/exec/obidos/ASIN/9694025435/chopaconline-20</a> |
| 942 ## - ADDED ENTRY ELEMENTS (KOHA) | |
| Source of classification or shelving scheme | |
| Koha item type | Book |
| Withdrawn status | Lost status | Source of classification or shelving scheme | Damaged status | Not for loan | Permanent Location | Current Location | Date acquired | Total Checkouts | Full call number | Barcode | Date last seen | Date last checked out | Price effective from | Koha item type |
|---|---|---|---|---|---|---|---|---|---|---|---|---|---|---|
| School of Civil and Environmental Engineering (SCEE) | School of Civil and Environmental Engineering (SCEE) | 11/07/2019 | 1 | 333.9100954 SID | NIT-11963 | 07/12/2023 | 06/12/2023 | 11/07/2019 | Book |
